| 000 | 00376nam a2200145 a 4500 | ||
|---|---|---|---|
| 001 | 2269 | ||
| 003 | CDMR | ||
| 005 | 20130116135226.0 | ||
| 008 | 130130s1962||||||||||||||||||||||||||||d | ||
| 040 |
_aCDMR _bcat _cCPC GIRONA |
||
| 100 | 1 |
_aVoyenne, Bernard _91556 |
|
| 245 | 1 | 3 |
_aLa presse dans la societé contemporaine _cVoyenne, Bernard |
| 260 |
_c1962 _bArmand Colin |
||
| 942 | _cMON | ||
| 999 |
_c2269 _d2269 |
||